| 000 | 00759nam a2200229Ia 4500 | ||
|---|---|---|---|
| 003 | OSt | ||
| 005 | 20220926021734.0 | ||
| 006 | a|||||r|||| 00| 0 | ||
| 007 | ta | ||
| 008 | 220923b |||||||| |||| 00| 0 eng d | ||
| 037 | _cGeneral Book | ||
| 040 |
_aRTL _cRTL _beng |
||
| 041 |
_2eng _aeng |
||
| 082 | _aVIN45,933:.N85r, M5 | ||
| 110 |
_aUNITED NATIONS, INTERNATIONAL CONVENTION AGAINST APARTHEID IN SPORTS (ADHIC Committee on--) _9326786 |
||
| 245 | 0 | _aReport | |
| 260 |
_aNew York _bUnited Nations _c1985 |
||
| 300 |
_aiv,15p _ccm. |
||
| 700 |
_aUNITED NATIONS, INTERNATIONAL CONVENTION AGAINST APARTHEID IN SPORTS (ADHIC Committee on--) _9326787 |
||
| 942 |
_hVIN45,933:.N85r, M5 _cGB _2CC |
||
| 999 |
_c637565 _d637565 |
||